000
00280nam a22001097a 4500
999
_c
261796
_d
261795
020
_a
1564587185
100
_a
Angela Wilkes
245
_a
The Big Book Of : Dinosaurs A First Book For Young Children
260
_a
U.S.A
_b
Dorling Kindersley
_c
1994
300
_a
32 pgs
942
_c
BK